Stacje i przystanki osobowe PKP PLK w mazowieckim - Statystyki

Ogólne statystyki
  • Ten quiz został rozwiązany 20 razy
    15 od ostatniego zresetowania
  • Średni wynik to 85 z 293
Statystyki odpowiedzi
Stacja % Poprawnych
Warszawa Ochota
100%
Warszawa Śródmieście
100%
Warszawa Ursus
100%
Warszawa Wschodnia
100%
Warszawa Zachodnia
100%
Grodzisk Mazowiecki
91%
Legionowo
91%
Nowy Dwór Mazowiecki
91%
Pruszków
91%
Warka
91%
Warszawa Praga
91%
Warszawa Stadion
91%
Warszawa Ursus Niedzwiadek
91%
Warszawa Wola
91%
Ostrołęka
82%
Otwock
82%
Piaseczno
82%
Radom Główny
82%
Warszawa Aleje Jerozolimskie
82%
Warszawa Centralna
82%
Warszawa Gdańska
82%
Warszawa Okęcie
82%
Warszawa Służewiec
82%
Warszawa Włochy
82%
Błonie
73%
Brwinów
73%
Ciechanów
73%
Góra Kalwaria
73%
Modlin
73%
Siedlce
73%
Sulejówek
73%
Tłuszcz
73%
Warszawa Gocławek
73%
Warszawa Grochów
73%
Warszawa Młynów
73%
Warszawa Olszynka Grochowska
73%
Warszawa Powiśle
73%
Warszawa Rembertów
73%
Warszawa Wawer
73%
Warszawa ZOO
73%
Wołomin
73%
Zielonka
73%
Żyrardów
73%
Łochów
64%
Mińsk Mazowiecki
64%
Nasielsk
64%
Sierpc
64%
Warszawa Anin
64%
Warszawa Gołąbki
64%
Warszawa Koło
64%
Warszawa Lotnisko Chopina
64%
Warszawa Rakowiec
64%
Warszawa Toruńska
64%
Ząbki
64%
Czachówek Południowy
55%
Jaktorów
55%
Józefów
55%
Małkinia
55%
Milanówek
55%
Mława
55%
Ożarów Mazowiecki
55%
Piastów
55%
Pilawa
55%
Płock
55%
Płońsk
55%
Radom Wschodni
55%
Radzymin
55%
Sochaczew
55%
Warszawa Choszczówka
55%
Warszawa Dawidy
55%
Warszawa Główna
55%
Warszawa Płudy
55%
Warszawa Radość
55%
Warszawa Targówek
55%
Warszawa Ursus Północny
55%
Warszawa Wesoła
55%
Warszawa Wileńska
55%
Warszawa Żerań
55%
Warszawa Żwirki i Wigury
55%
Wyszków
55%
Garwolin
45%
Halinów
45%
Kobyłka
45%
Legionowo Piaski
45%
Mordy
45%
Mrozy
45%
Pomiechówek
45%
Sulejówek Miłosna
45%
Warszawa Jeziorki
45%
Warszawa Powązki
45%
Warszawa Zacisze Wilno
45%
Wieliszew
45%
Zegrze Południowe
45%
Chynów
36%
Czachówek Wschodni
36%
Jastrząb
36%
Legionowo Przystanek
36%
Michalin
36%
Międzyborów
36%
Nowa Iwiczna
36%
Otwock Świder
36%
Parzniew
36%
Pionki
36%
Przysucha
36%
Radziwiłłów Mazowiecki
36%
Sucha Żyrardowska
36%
Szydłowiec
36%
Teresin Niepokalanów
36%
Urle
36%
Warka Miasto
36%
Warszawa Falenica
36%
Warszawa Miedzeszyn
36%
Warszawa Międzylesie
36%
Warszawa Wola Grzybowska
36%
Zalesie Górne
36%
Błonie Rokitno
27%
Brody Warszawskie
27%
Celestynów
27%
Czachówek Górny
27%
Gostynin
27%
Jedlnia-Letnisko
27%
Łaskarzew
27%
Michałów-Reginów
27%
Otwock Śródborów
27%
Płochocin
27%
Radom Północny
27%
Rożki
27%
Siedlce Wschodnie
27%
Siedlce Zachodnie
27%
Sobolew
27%
Witanów
27%
Wołomin Słoneczna
27%
Zagościniec
27%
Augustówka
18%
Boża Wola
18%
Chorzele
18%
Chotomów
18%
Dąbkowizna
18%
Dobczyn
18%
Gośniewice
18%
Grabów nad Pilicą
18%
Jesionka
18%
Józefin
18%
Klembów
18%
Kobyłka Ossów
18%
Kotuń
18%
Mława Miasto
18%
Nowe Dębe Wielkie
18%
Pionki Zachodnie
18%
Radom Gołębiów
18%
Radom Stara Wola
18%
Ruda Talubska
18%
Rybienko
18%
Sułkowice
18%
Warszawa Mokry Ług
18%
Wieliszew Centrum
18%
Zabieżki
18%
Zielonka Bankowa
18%
Zygmuntów
18%
Antoniówka
9%
Barchów
9%
Bartodzieje
9%
Bieliny Opoczyńskie
9%
Cegłów
9%
Chronów
9%
Chrosna
9%
Chrzęsne
9%
Ciechanów Przemysłowy
9%
Cisie
9%
Dębe Wielkie
9%
Dobieszyn
9%
Goworowo
9%
Groszowice Wrzosów
9%
Janówek
9%
Jarzębia Łąka
9%
Jasienica Mazowiecka
9%
Jedlnia Kościelna
9%
Kołbiel
9%
Kończyce Radomskie
9%
Kornelin
9%
Kosów
9%
Koszewnica
9%
Krężel
9%
Krusze
9%
Kruszyna
9%
Łąck
9%
Leokadia
9%
Lesiów
9%
Michalczew
9%
Mika
9%
Mińsk Mazowiecki Anielina
9%
Mokra Wieś
9%
Mordy Miasto
9%
Mostówka
9%
Nowa Sucha
9%
Piasecznica
9%
Płock Radziwie
9%
Podbór
9%
Pogorzel Warszawska
9%
Prostyń
9%
Raciąż
9%
Radom Potkanów
9%
Rajec Poduchowny
9%
Sadowne Węgrowskie
9%
Seroki
9%
Skrzynno
9%
Smogorzów Przysuski
9%
Stara Wieś
9%
Studzianki Nowe
9%
Szewnica
9%
Szulborze Wielkie
9%
Topór
9%
Ustanówek
9%
Wieniawa
9%
Wkra
9%
Wolanów
9%
Wola Rowska
9%
Wrzosów
9%
Arcelin
0%
Baboszewo
0%
Barcząca
0%
Białki Siedleckie
0%
Borki-Kosy
0%
Cieksyn
0%
Cierpigórz
0%
Czeruchy
0%
Dąbrówka Zabłotnia
0%
Dalanówek
0%
Dalekie
0%
Dziewule
0%
Fronołów
0%
Gąsawy Plebańskie
0%
Gąsocin
0%
Gierwaty
0%
Godziszcze Mazowieckie
0%
Gołotczyzna
0%
Gozdowo
0%
Grabniak
0%
Grabowo
0%
Grzegorzewo
0%
Jackowo Dworskie
0%
Jastrząbka
0%
Kaczorowo
0%
Kałęczyn
0%
Kątne
0%
Kietlanka
0%
Konopki
0%
Kosiorki
0%
Koziebrody
0%
Krośnice Mazowieckie
0%
Krzymosze
0%
Kurpie
0%
Leszczydół
0%
Lucynów
0%
Mienia
0%
Mieszaki
0%
Niemojki
0%
Nowa Wieś Kościelna
0%
Olszewka
0%
Ostrówek Węgrowski
0%
Parciaki
0%
Pasieki
0%
Patków
0%
Platerów
0%
Płock Trzepowo
0%
Podwierzbie
0%
Prabuty Góry
0%
Proboszczewice Płockie
0%
Przetycz
0%
Radomyśl
0%
Raszujka
0%
Rogożew
0%
Ruda Wielka
0%
Sabinka
0%
Sarnaki
0%
Sierakówek
0%
Słupsk Mazowiecki
0%
Sosnowe
0%
Stok Lacki
0%
Strzyżyna
0%
Susk
0%
Świercze
0%
Trablice
0%
Wola Bierwiecka
0%
Wola Lipieniecka
0%
Wygoda
0%
Wyszyny
0%
Zabiele Wielkie
0%
Zaręby Kościelne
0%
Zawidz
0%
Zawidz Kościelny
0%
Życzyn
0%
Zygmuntowo Mazowieckie
0%
Nie znaleziono quizów pasujących do podanych kryteriów
Rozkład punktacji
Procent ludzi z każdym wynikiem
Percentyl według liczby udzielonych odpowiedzi
Twoja historia wyników
Nie rozwiązałeś tego quizu od ostatniego zresetowania